<?xml version="1.0" encoding="UTF-8"?>
<record
    xmlns:xsi="http://www.w3.org/2001/XMLSchema-instance"
    xsi:schemaLocation="http://www.loc.gov/MARC21/slim http://www.loc.gov/standards/marcxml/schema/MARC21slim.xsd"
    xmlns="http://www.loc.gov/MARC21/slim">

  <leader>00492nam a2200169   4500</leader>
  <controlfield tag="005">20260309152123.0</controlfield>
  <controlfield tag="008">260309b        |||||||| |||| 00| 0 eng d</controlfield>
  <datafield tag="020" ind1=" " ind2=" ">
    <subfield code="a">978-93-91558-62-8</subfield>
  </datafield>
  <datafield tag="041" ind1=" " ind2=" ">
    <subfield code="a">Marathi</subfield>
  </datafield>
  <datafield tag="082" ind1=" " ind2=" ">
    <subfield code="a">X 891 SHE B12266</subfield>
  </datafield>
  <datafield tag="100" ind1=" " ind2=" ">
    <subfield code="a">&#x936;&#x947;&#x937;&#x93E;&#x926;&#x94D;&#x930;&#x940;, &#x939;&#x94B;. &#x935;&#x947;.</subfield>
    <subfield code="9">216870</subfield>
  </datafield>
  <datafield tag="245" ind1=" " ind2=" ">
    <subfield code="a">&#x92B;&#x93E;&#x933;&#x923;&#x940;&#x91A;&#x940; &#x936;&#x94B;&#x915;&#x93E;&#x902;&#x924;&#x93F;&#x915;&#x93E;</subfield>
  </datafield>
  <datafield tag="260" ind1=" " ind2=" ">
    <subfield code="a">Pune</subfield>
    <subfield code="b">Bharatiya Vichar Sadhana</subfield>
    <subfield code="c">2022</subfield>
  </datafield>
  <datafield tag="300" ind1=" " ind2=" ">
    <subfield code="a">335p</subfield>
    <subfield code="b">pb</subfield>
  </datafield>
  <datafield tag="365" ind1=" " ind2=" ">
    <subfield code="a">Rupaye</subfield>
    <subfield code="b">350</subfield>
    <subfield code="c">INR</subfield>
  </datafield>
  <datafield tag="942" ind1=" " ind2=" ">
    <subfield code="c">BK</subfield>
  </datafield>
  <datafield tag="999" ind1=" " ind2=" ">
    <subfield code="c">370615</subfield>
    <subfield code="d">370615</subfield>
  </datafield>
  <datafield tag="952" ind1=" " ind2=" ">
    <subfield code="0">0</subfield>
    <subfield code="1">0</subfield>
    <subfield code="2">ddc</subfield>
    <subfield code="4">0</subfield>
    <subfield code="7">0</subfield>
    <subfield code="a">BTIN</subfield>
    <subfield code="b">BTIN</subfield>
    <subfield code="d">2026-02-16</subfield>
    <subfield code="e">Bhartiya Vichar Sadhana Foundation</subfield>
    <subfield code="g">245.00</subfield>
    <subfield code="i">HO/IN/606</subfield>
    <subfield code="l">0</subfield>
    <subfield code="o">X 891 SHE B12266</subfield>
    <subfield code="p">BTIN-BK-12266</subfield>
    <subfield code="r">2026-03-09 15:22:22</subfield>
    <subfield code="t">105</subfield>
    <subfield code="v">350.00</subfield>
    <subfield code="w">2026-01-19</subfield>
    <subfield code="y">BK</subfield>
    <subfield code="z">BTIN-BK-12266</subfield>
  </datafield>
</record>
